UK Top Ten Artists of 2009 - Statistics

General Stats
  • This quiz has been taken 34 times
  • The average score is 55 of 127
Answer Stats
% Correct
2008 November If I Were a Boy Beyoncé 1
100%
2009 January Single Ladies (Put a Ring on It) Beyoncé 7
100%
2009 March Halo Beyoncé 4
100%
2009 August Sweet Dreams Beyoncé 5
100%
2009 March Poker Face Lady Gaga 1
96%
2009 June Paparazzi Lady Gaga 4
96%
2009 November Bad Romance Lady Gaga 1
96%
2009 January Just Dance Lady Gaga ft. Colby O'Donis 1
96%
2009 May Boom Boom Pow Black Eyed Peas 1
93%
2009 July I Gotta Feeling Black Eyed Peas 1
93%
2009 November Meet Me Halfway Black Eyed Peas 1
93%
2009 October Empire State of Mind Jay-Z ft. Alicia Keys 2
93%
2009 December Starstrukk 3OH!3 ft. Katy Perry 3
89%
2009 March Right Round Flo Rida ft. Kesha 1
89%
2008 November Hot n Cold Katy Perry 4
89%
2009 November TiK ToK Kesha 4
89%
2009 July Man in the Mirror Michael Jackson 2
89%
2009 July Billie Jean Michael Jackson 10
89%
2009 September Run This Town Jay-Z ft. Rihanna & Kanye West 1
86%
2009 December Don't Stop Believin' Journey 6
86%
2008 September Sex on Fire Kings of Leon 1
82%
2008 December Use Somebody Kings of Leon 2
82%
2009 May Tiny Dancer (Hold Me Closer) Ironik ft. Chipmunk & Elton John 3
75%
2008 November Womanizer Britney Spears 3
71%
2009 November 3 Britney Spears 7
71%
2009 October Bad Boys Alexandra Burke ft. Flo Rida 1
68%
2009 December Russian Roulette Rihanna 2
68%
2009 September She Wolf Shakira 4
68%
2009 March Love Story Taylor Swift 2
68%
2009 December 3 Words Cheryl Cole ft. will.i.am 4
61%
2009 August Sexy Chick David Guetta ft. Akon 1
57%
2009 April We Made You Eminem 4
57%
2009 February Crack a Bottle Eminem ft. Dr. Dre & 50 Cent 4
57%
2009 January Heartless Kanye West 10
57%
2009 March My Life Would Suck Without You Kelly Clarkson 1
57%
2009 June Knock You Down Keri Hilson ft. Kanye West & Ne-Yo 5
57%
2009 August Supernova Mr Hudson ft. Kanye West 2
57%
2009 December Killing in the Name Rage Against the Machine 1
57%
2008 November Human The Killers 3
57%
2009 March Dead and Gone T.I. ft. Justin Timberlake 4
57%
2009 April Love Sex Magic Ciara ft. Justin Timberlake 5
54%
2009 June When Love Takes Over David Guetta ft. Kelly Rowland 1
54%
2009 October Fight for This Love Cheryl Cole 1
50%
2009 November Whatcha Say Jason Derulo 3
50%
2008 December Hallelujah Jeff Buckley 2
50%
2008 December Run Leona Lewis 1
50%
2009 November Happy Leona Lewis 2
50%
2009 October Haven't Met You Yet Michael Bublé 5
50%
2009 July I Know You Want Me (Calle Ocho) Pitbull 4
50%
2009 October Hotel Room Service Pitbull 9
50%
2008 December Greatest Day Take That 1
50%
2009 June Said It All Take That 9
50%
2009 December Doesn't Mean Anything Alicia Keys 8
46%
2008 December Broken Strings James Morrison ft. Nelly Furtado 2
46%
2009 November Down Jay Sean ft. Lil Wayne 3
46%
2009 April In for the Kill La Roux 2
46%
2009 July Bulletproof La Roux 1
46%
2009 January Sober Pink 9
46%
2009 September Holiday Dizzee Rascal 1
43%
2009 October Dirtee Cash Dizzee Rascal 10
43%
2009 July Beat Again JLS 1
43%
2009 November Everybody In Love JLS 1
43%
2009 February The Fear Lily Allen 1
43%
2009 April Not Fair Lily Allen 5
43%
2009 September Uprising Muse 9
43%
2009 January Take Me Back Tinchy Stryder ft. Taio Cruz 3
43%
2008 December Hallelujah Alexandra Burke 1
39%
2009 May Bonkers Dizzee Rascal & Armand Van Helden 1
39%
2009 May Kiss Me thru the Phone Soulja Boy Tell'em ft. Sammie 6
39%
2009 July Evacuate the Dancefloor Cascada 1
36%
2009 January Day 'n' Nite Kid Cudi vs. Crookers 2
36%
2009 September Celebration Madonna 3
36%
2009 September Break Your Heart Taio Cruz 1
36%
2009 March (Barry) Islands in the Stream Vanessa Jenkins & Bryn West ft. Tom Jones & Tobin Gibb 1
36%
2009 October Bodies Robbie Williams 2
32%
2009 December You Know Me Robbie Williams 6
32%
2009 October Sweet Disposition The Temper Trap 6
32%
2009 December Morning After Dark Timbaland ft. Nelly Furtado 6
32%
2009 April Jai Ho! (You Are My Destiny) A.R. Rahman & The Pussycat Dolls 3
29%
2009 April I'm Not Alone Calvin Harris 1
29%
2009 August Ready for the Weekend Calvin Harris 3
29%
2009 January The Loving Kind Girls Aloud 10
29%
2009 June Mama Do (Uh Oh, Uh Oh) Pixie Lott 1
29%
2009 September Boys and Girls Pixie Lott 1
29%
2009 August Get Shaky The Ian Carey Project 9
25%
2009 February Whatcha Think About That The Pussycat Dolls ft. Missy Elliott 9
25%
2009 March Beautiful Akon 8
21%
2009 June Fire Kasabian 3
21%
2009 January Let It Rock Kevin Rudolf ft. Lil Wayne 5
21%
2009 April Shake It Metro Station 6
21%
2009 January Issues The Saturdays 4
21%
2009 March Just Can't Get Enough The Saturdays 2
21%
2009 October Forever Is Over The Saturdays 2
21%
2009 May Number 1 Tinchy Stryder ft. N-Dubz 1
21%
2009 October Oopsy Daisy Chipmunk 1
18%
2009 July Diamond Rings Chipmunk ft. Emeli Sandé 6
18%
2009 December Look for Me Chipmunk ft. Talay Riley 7
18%
2009 December The Climb Joe McElderry 1
18%
2009 September We Are Golden Mika 4
18%
2009 October Million Dollar Bill Whitney Houston 5
18%
2009 May Fairytale Alexander Rybak 10
14%
2009 December Let the Bass Kick in Miami Girl Chuckie & LMFAO 9
14%
2009 November I Need You N-Dubz 5
14%
2009 April Don’t Upset the Rhythm (Go Baby Go) Noisettes 2
14%
2009 March Falling Down Oasis 10
14%
2009 September Get Sexy Sugababes 2
14%
2009 November About a Girl Sugababes 8
14%
2009 August Never Leave You Tinchy Stryder ft. Amelle 1
14%
2009 June Release Me Agnes 3
11%
2009 November End Credits Chase & Status ft. Plan B 9
11%
2009 August Remedy Little Boots 6
11%
2009 December Wild Horses Susan Boyle 9
11%
2009 February Omen The Prodigy 4
11%
2009 May Warrior's Dance The Prodigy 9
11%
2009 June Untouched The Veronicas 8
7%
2009 November What About Now Westlife 2
7%
2009 February Breathe Slow Alesha Dixon 3
4%
2009 September That Golden Rule Biffy Clyro 10
4%
2009 February Change Daniel Merriweather 8
4%
2009 May Red Daniel Merriweather 5
4%
2009 August Outta Here Esmée Denters 7
4%
2008 December Once Upon a Christmas Song Geraldine McQueen 5
4%
2009 September Left My Heart In Tokyo Mini Viva 7
4%
2009 August Behind Closed Doors Peter Andre 4
4%
2009 February T-Shirt Shontelle 6
4%
2009 July Poppiholla Chicane 7
0%
2009 October I Got Soul Young Soul Rebels 10
0%
No matching quizzes found
Score Distribution
Percent of People with Each Score
Percentile by Number Answered
Your Score History
You have not taken this quiz